000 00456nmm a2200157Ia 4500
008 251105s9999||||xx |||||||||||||||||und||
041 _aspa
100 _aGarcía, Poppy
245 0 _a10 años y 10 días
264 _a[Madrid, España] :
_bTerciopelo,
_c[Fecha de publicación no identificada]
300 _a0 páginas
490 _aSerie sierra Negra
650 _aRomance
856 _uhttps://public.digitaliapublishing.com/a/82195
942 _cCF
999 _c100642
_d100642